000 00887 a2200277 4500
003 CBULib
005 20240115133951.0
008 231219b |||||||| |||| 00| 0 eng d
020 _a9781897422151
040 _bEnglish
_cCBULib
_erda
041 _aeng
050 _aRT 82 Wad
100 1 _aWaddell, Janice,
_91491
_d1955-
245 _aBuilding your nursing career : a guide for students
_c/ by Janice Waddell; Gail J. Donner; and Mary Wheeler
250 _aThird edition
260 _bElsevier,
_c2009.
_aToronto :
300 _a vii, 80 pages : illustrations
336 _2rdacontent
_aText |
_btxt
337 _2rdamedia
_aUnmediated |
_bn
338 _2rdacarrier
_aVolume
_bnc
504 _aIncludes bibliographical references
650 0 _91492
_aCAREER MOBILITY
650 0 _91493
_aCAREER DEVELOPMENT
650 0 _91494
_aNURSING VOCATIONAL GUIDANCE
942 _2lcc
_c002
999 _c83617
_d83617